00965nam a22002297a 4500999001700000003000900017008004100026040007100067082002400138100002100162245005300183260004000236300002600276440003200302505018600334650002100520650002800541650003200569942001600601945002000617952009800637 c16998d16998AR-CdUCM190226b ||||| |||| 00| 0 spa d aMUNICIPALIDAD PROVINCIAL DEL CUSCOcBIBLIOTECA MUNICIPAL DEL CUSCO 23ed.a370.11 /bC73 aComas, Margarita aEl Metodo de Proyectos en las Escuelas Urbanas / aBuenos Aires:bLosada S.A. ,c1956. a183 paginas :c19 cm. aLa escuela activan1493341 aContenido: Proyecto complejo para alumnos de la primera sección -- Proyecto complejo para niños dela ultima sección -- Proyecto concentrado alrededor de la clase de labores... aUrbanismo.94748 aEscuelas Urbanas.94749 aProyectos y Escuelas.94750 2ddccLIBROS awntsd2019-05-7 002ddc4070aSHbSHcCARTd2019-05-07g50.00o370.11 / C73pSH0000011650r2019-05-07yLIBROS